000 01047cam a2200289 4500
001 M2080
008 090401t1996 xxu||||| |||| 00| 0 eng d
035 _a(Sirsi) u36365
041 _aeng
050 _a333.0062
_c18
090 _aRICS 1996/27A
110 _aRoyal Institution of Chartered Surveyors
_94900
245 4 _aThe chartered surveyors' rule book
_bamendment no. 3 (February 1996)
260 _aLondon
_bRICS
_c1996
300 _a1 sheet
_c21cm.
350 _a0
490 _aRICS Chartered Surveyors' Rule Book
_vAmendment 3
490 _aRICS Rules of Conduct
520 _aThird amendment to "The chartered surveyors' rule book" (J1334) updating the Rules of Conduct as agreed by the General Council on 10 July 1995, 13 November 1995 and 5 February 1996.
650 _aPROFESSIONAL CONDUCT
650 _aRICS BYE-LAWS
650 _aRICS PROFESSIONAL INDEMNITY INSURANCE RULES
650 _aRICS RULES OF CONDUCT
690 _aMANAGEMENT-BUSINESS MANAGEMENT-PROFESSIONAL PRACTICE
942 _n0
948 _c04/03/1997
999 _c90264
_d90264